00364nam a2200145Ia 4500008004100000020001500041041001200056082001600068100001800084245004000102250000800142260004800150300000800198650001200206221030s9999 xx 000 0 und d a0521658209 aEnglish a105.23bSqu aG. L. Squires 0aPractical Physicscby G. L. Squires a3rd bCambridge University PressaNew Delhic1999 a213 aPhysics